Tragedias /
Guardado en:
| Autor Principal: | |
|---|---|
| Formato: | Libro |
| Publicado: |
Buenos Aires :
La Facultad,
1915
|
| Series: | Bibl. Argentina, 6
|
| Materias: | |
| Etiquetas: |
Agregar Etiqueta
Sin Etiquetas, Sea el primero en etiquetar este registro!
|
| LEADER | 00572nam a22002175a 4500 | ||
|---|---|---|---|
| 001 | CEM.cems006435 | ||
| 005 | 20060214000000.0 | ||
| 008 | 130507s1915##################000#0#####d | ||
| 003 | CEMS | ||
| 082 | 0 | 4 | |a A862.2 |
| 100 | 1 | |a Varela Juan Cruz | |
| 245 | 1 | 0 | |a Tragedias / |
| 260 | |a Buenos Aires : |b La Facultad, |c 1915 | ||
| 300 | |a 287 p. | ||
| 490 | 0 | |a Bibl. Argentina, 6 | |
| 505 | 0 | |a Dido.- Argia.- | |
| 653 | |a Literatura | ||
| 653 | |a Literatura argentina | ||
| 653 | |a Teatro | ||
| 653 | |a Teatro argentino | ||
| 859 | |a CEMS |b BIB. CEMS - 11 de abril |h A862.2 |i V425 |p 10814.81 |t Ej.1 | ||
